The Modernist house. (Record no. 607771)

000 -LEADER
fixed length control field 01283cam a22003857a 4500
001 - CONTROL NUMBER
control field 16342488
003 - CONTROL NUMBER IDENTIFIER
control field OSt
005 - DATE AND TIME OF LATEST TRANSACTION
control field 20240215123249.0
008 - FIXED-LENGTH DATA ELEMENTS--GENERAL INFORMATION
fixed length control field 100721r20092001enka 001 0 eng d
010 ## - LIBRARY OF CONGRESS CONTROL NUMBER
LC control number 2010281324
015 ## - NATIONAL BIBLIOGRAPHY NUMBER
National bibliography number 09,N08,1484
Source dnb
020 ## - INTERNATIONAL STANDARD BOOK NUMBER
International Standard Book Number 9780714849683
020 ## - INTERNATIONAL STANDARD BOOK NUMBER
International Standard Book Number 0714849685
028 52 - PUBLISHER NUMBER
Publisher number 4968
035 ## - SYSTEM CONTROL NUMBER
System control number (OCoLC)ocn308158747
040 ## - CATALOGING SOURCE
Original cataloging agency YDXCP
Transcribing agency YDXCP
Modifying agency BTCTA
-- BWK
-- NGA
-- CDX
-- U3G
-- BWX
-- UAB
-- MOF
-- DEBBG
-- DLC
042 ## - AUTHENTICATION CODE
Authentication code lccopycat
050 00 - LIBRARY OF CONGRESS CALL NUMBER
Classification number NA7110
Item number .H685 2009
082 00 - DEWEY DECIMAL CLASSIFICATION NUMBER
Classification number 728.0904
Edition number 22
Author Mark MOD
084 ## - OTHER CLASSIFICATION NUMBER
Classification number 720
Number source sdnb
084 ## - OTHER CLASSIFICATION NUMBER
Classification number ZH 5100
Number source rvk
245 04 - TITLE STATEMENT
Title The Modernist house.
250 ## - EDITION STATEMENT
Edition statement Abridged, rev. and updated ed.
260 ## - PUBLICATION, DISTRIBUTION, ETC.
Place of publication, distribution, etc. London ;
-- New York:
Name of publisher, distributor, etc. Phaidon,
Date of publication, distribution, etc. 2009.
300 ## - PHYSICAL DESCRIPTION
Extent 111 p. :
Other physical details ill. (chiefly col.) ;
Dimensions 30 cm.
500 ## - GENERAL NOTE
General note "First published as 'The House Book' 2001" --Colophon.
500 ## - GENERAL NOTE
General note Includes index.
650 #0 - SUBJECT ADDED ENTRY--TOPICAL TERM
Topical term or geographic name entry element Modern movement (Architecture)
9 (RLIN) 27123
650 #0 - SUBJECT ADDED ENTRY--TOPICAL TERM
Topical term or geographic name entry element International style (Architecture)
9 (RLIN) 31912
650 #0 - SUBJECT ADDED ENTRY--TOPICAL TERM
Topical term or geographic name entry element Architecture, Modern
Chronological subdivision 20th century.
9 (RLIN) 9192
650 #0 - SUBJECT ADDED ENTRY--TOPICAL TERM
Topical term or geographic name entry element Dwellings.
9 (RLIN) 9193
906 ## - LOCAL DATA ELEMENT F, LDF (RLIN)
a 7
b cbc
c copycat
d 2
e ncip
f 20
g y-gencatlg
942 ## - ADDED ENTRY ELEMENTS (KOHA)
Source of classification or shelving scheme
Koha item type Book
Institution code [OBSOLETE] SADA
Call number prefix 728.0904 MOD 2009
Holdings
Withdrawn status Lost status Source of classification or shelving scheme Damaged status Not for loan Permanent Location Current Location Date acquired Source of acquisition Total Checkouts Full call number Barcode Date last seen Cost, replacement price Price effective from Koha item type
          School of Art Design and Architecture (SADA) School of Art Design and Architecture (SADA) 01/05/2017 S.A.Rehman   728.0904 MOD 2009 SADA0002691 02/15/2024 885.51 02/15/2024 Book
© 2023 Central Library, National University of Sciences and Technology. All Rights Reserved.